Phương pháp đọc diễn cảm

Trình bày quan niệm và cơ sở lý luận của đọc diễn cảm, phương pháp và biện pháp đọc diễn cảm. Hướng dẫn cách đọc tác phẩm văn học theo loại thể

Tallennettuna:
Bibliografiset tiedot
Päätekijä: Hà Nguyễn Kim Giang
Aineistotyyppi: Kirja
Kieli:Vietnamese
Julkaistu: H. Đại học Sư phạm 2012
Painos:In lần thứ 5
Aiheet:
Tagit: Lisää tagi
Ei tageja, Lisää ensimmäinen tagi!
Thư viện lưu trữ: Mạng thư viện Đại học Đà Nẵng
LEADER 01514aam a22004218a 4500
001 000018227
003 14654
005 20131004161015.0
008 130925s2012 viesd
020 |c 23000đ  |d 1000b 
041 0 |a vie 
082 1 4 |2 14  |a 372.4  |b HA-G 
100 1 |a Hà Nguyễn Kim Giang 
245 1 0 |a Phương pháp đọc diễn cảm  |c Hà Nguyễn Kim Giang 
250 |a In lần thứ 5 
260 |a H.  |b Đại học Sư phạm  |c 2012 
300 |a 160 tr.  |c 21 cm. 
504 |a Phụ lục: tr. 106-160 
520 |a Trình bày quan niệm và cơ sở lý luận của đọc diễn cảm, phương pháp và biện pháp đọc diễn cảm. Hướng dẫn cách đọc tác phẩm văn học theo loại thể 
650 0 4 |a Giáo dục tiểu học  |x Đọc diễn cảm 
650 7 |2 Bộ TK TVQG 
650 7 |2 Bộ TK TVQG 
650 7 |2 Bộ TK TVQG 
650 7 |2 Bộ TK TVQG 
650 7 |2 Bộ TK TVQG 
650 7 |2 Bộ TK TVQG 
653 |a Đọc diễn cảm 
655 7 |2 Bộ TK TVQG  |a Sách tham khảo 
OWN |a LSP 
AVA |a UDN50  |b LSP  |d 372.4 HA-G  |e available  |t Error 5001 Not defined in file expand_doc_bib_avail.  |f 10  |g 0  |h N  |i 0  |k 1 
999 |a From the UDN01 
AVA |a UDN50  |b LSP  |d 372.4 HA-G  |e available  |t Error 5001 Not defined in file expand_doc_bib_avail.  |f 10  |g 0  |h N  |i 0  |k 1 
TYP |a Monograph 
TYP |a Printed language 
980 |a Mạng thư viện Đại học Đà Nẵng